000 00547nam a22001817a 4500
003 BD-DhUL
005 20160529150405.0
008 160529s1980 bg a|||| |||| 001 0 b d
040 _aBD-DhUL
_cBD-DhUL
082 _a320.95492
_bROB
100 1 _aJahan, Rounaq .
245 1 0 _aBangladesh politics :
_bproblems and issues /
_cRounaq Jahan
260 _aDhaka :
_bUniversity Press,
_c১৯৮০।
300 _axxiv, 228 p. :
_bill. ;
_c21 cm
500 _aIncludes index
650 0 _aBangladesh
_xPolitics and government
942 _2ddc
_cBK
999 _c71372
_d71372